Информационные технологии в продвижении туристской дестинации в сети интернет (на примере Вьетнама); Информационные технологии в науке, управлении, социальной сфере и медицине

Detalles Bibliográficos
Parent link:Информационные технологии в науке, управлении, социальной сфере и медицине.— 2015.— [С. 393-395]
Autor principal: До Тхи Хань
Autor Corporativo: Национальный исследовательский Томский политехнический университет (ТПУ)
Sumario:Заглавие с титульного экрана
This article discusses the role of information technologies in the development of tourism destination and analysis methods to promote tourism destination through information technologies on the example of Vietnam. The actuality of this research lies in the fact that IT support the possibility of remote acquaintance with tourism destination, and in our time, it can serve as a decisive factor when choosing a destination.
Lenguaje:ruso
Publicado: 2015
Colección:Информационные технологии в маркетинге
Materias:
Acceso en línea:http://earchive.tpu.ru/handle/11683/17173
http://www.lib.tpu.ru/fulltext/c/2015/C24/175.pdf
Formato: MixedMaterials Electrónico Capítulo de libro
KOHA link:https://koha.lib.tpu.ru/cgi-bin/koha/opac-detail.pl?biblionumber=613910

MARC

LEADER 00000naa2a2200000 4500
001 613910
005 20231101132800.0
035 |a (RuTPU)RU\TPU\conf\12068 
035 |a RU\TPU\conf\12067 
090 |a 613910 
100 |a 20150903d2015 k y0rusy50 ca 
101 0 |a rus  |d eng 
102 |a RU 
105 |a y z 101zy 
135 |a drcn ---uucaa 
181 0 |a i  
182 0 |a b 
200 1 |a Информационные технологии в продвижении туристской дестинации в сети интернет (на примере Вьетнама)  |d Information technologies in the internet-promotion of tourism destination (on the example of Vietnam)  |f До Тхи Хань 
203 |a Текст  |c электронный 
225 1 |a Информационные технологии в маркетинге 
230 |a 1 компьютерный файл (pdf; 375 Kb) 
300 |a Заглавие с титульного экрана 
320 |a [Библиогр.: с. 395 (3 назв.)] 
330 |a This article discusses the role of information technologies in the development of tourism destination and analysis methods to promote tourism destination through information technologies on the example of Vietnam. The actuality of this research lies in the fact that IT support the possibility of remote acquaintance with tourism destination, and in our time, it can serve as a decisive factor when choosing a destination. 
337 |a Adobe Reader 
463 0 |0 (RuTPU)RU\TPU\conf\11725  |t Информационные технологии в науке, управлении, социальной сфере и медицине  |o сборник научных трудов II Международной конференции, 19-22 мая 2015 г., Томск  |f Национальный исследовательский Томский политехнический университет (ТПУ) ; ред. кол. О. Г. Берестнева [и др.]  |v [С. 393-395]  |d 2015 
510 1 |a Information technologies in the internet-promotion of tourism destination (on the example of Vietnam)  |z eng 
610 1 |a труды учёных ТПУ 
610 1 |a электронный ресурс 
610 1 |a информационные технологии 
610 1 |a Интернет 
610 1 |a Вьетнам 
610 1 |a туризм 
610 1 |a социально-культурное развитие 
700 0 |a До Тхи Хань 
712 0 2 |a Национальный исследовательский Томский политехнический университет (ТПУ)  |c (2009- )  |2 stltpush  |3 (RuTPU)RU\TPU\col\15902 
801 2 |a RU  |b 63413507  |c 20210129  |g RCR 
856 4 |u http://earchive.tpu.ru/handle/11683/17173 
856 4 |u http://www.lib.tpu.ru/fulltext/c/2015/C24/175.pdf 
942 |c BK